| 000 | 00548nam a2200193 i 4500 | ||
|---|---|---|---|
| 001 | 14788 | ||
| 003 | ES-MaACL | ||
| 005 | 20230906150906.0 | ||
| 007 | t| | ||
| 008 | 990607s1990 mx ||||1| spa d | ||
| 080 | _a929(72) | ||
| 100 | 1 |
_aSolís Ogarrio, Jorge. _9107216 |
|
| 245 | 1 | 0 |
_aTrazos _b: [24 personajes en la vida de México] / _cJorge Solís Ogarrio. |
| 250 | _a1ª ed. | ||
| 260 |
_aMéxico : _b[s.n.], _c1990. |
||
| 300 |
_a276 p. ; _c18 cm. |
||
| 650 | 1 | 4 |
_aMexicanos- _xBiografías. _915022 |
| 852 |
_aES-MaACL _jL-21970 _bR.122157 |
||
| 999 |
_c14788 _d14788 |
||